| 000 | 00547nam a2200193 a 4500 | ||
|---|---|---|---|
| 005 | 20221019063632.0 | ||
| 008 | 991125n1966 bar 000 0 spa u | ||
| 035 | _aUPN01000057162 | ||
| 049 | _aCG | ||
| 050 | 4 |
_aD16 _aV3.88 |
|
| 100 | 1 | _aVansina, Jan | |
| 245 | 1 | 3 |
_aLa tradición oral / _cJan Vansina ; tr. Miguel María Llengueras |
| 260 |
_aBarcelona, Esp. : _bLabor, _c1966. |
||
| 300 | _a224 p. | ||
| 440 | 0 |
_aNueva colección Labor ; _v22 |
|
| 650 | 4 |
_aETNOHISTORIA _916938 |
|
| 650 | 2 |
_aInvestigación histórica _98207 |
|
| 905 | _aLibro | ||
| 999 |
_c57162 _d57162 |
||